000 01599nam a22004097a 4500
003 CHAP
005 20220329142145.0
008 000119d mx r 00110 spa d
010 _a79337
011 _a80309
035 _a90758
040 _cCHAP
090 _aTesis
100 0 0 _aCamargo Lázaro, José Emanuel.
_917741
245 1 0 _aInfluencia del manto freático sobre la salinidad de los suelos, ejido San Martín Netzahualcoyotl, Texcoco, Edo. de México
_c/por José Emanuel Camargao Lázaro y Martín Murillo Martínez
260 _aChapingo, Méx. :
_bEl autor,
_c1999.
300 _a147 h. :
_bgráfs. ; mapas ; cuadros
502 _aTesis (Ing. en Irrigación) -- UACH. Departamento de Irrigación
590 _aALEPH
_b10
_c20130110
_lUCH01
_h1430
590 _aBATCH-UPD
_b10
_c20130110
_lUCH01
_h0454
590 _aBATCH-UPD
_b10
_c20130410
_lUCH01
_h0132
590 _aBATCH-UPD
_b10
_c20130410
_lUCH01
_h1543
590 _aBATCH-UPD
_b10
_c20130914
_lUCH01
_h0820
590 _aCONVERSION
_b10
_c20130109
_lUCH01
_h1344
650 1 _aEjido San Martín Netzahualcoyotl, Méx.
_935978
650 1 4 _aAgua subterranea
_zMexico (Edo.).
_92488
650 1 4 _aAgua
_xQuimica de.
_92399
650 1 4 _aDrenaje
_xMéxico (Edo.)
_934207
650 1 4 _aSuelos salinos.
_9110558
650 1 4 _aSuelos
_xClasificación
_xMéxico (Edo.)
_9110255
901 _aBK
905 _aAlejandra Carrasco M.
942 _cFOLL
949 _bBC
_cTES
_d33724000745303
_eTS2
_fc.3
_h34836
_i90758
_si
949 _bBC
_cTES
_d33724000745311
_eTS2
_fc.2
_h34835
_i90758
_si
949 _bBC
_cTES
_d907581
_eTS1
_h34834
_i90758
_sb
999 _c79337
_d79337